| 000 | 00549nam a2200217Ia 4500 | ||
|---|---|---|---|
| 003 | OSt | ||
| 005 | 20220928141152.0 | ||
| 006 | a|||||r|||| 00| 0 | ||
| 007 | ta | ||
| 008 | 220927b |||||||| |||| 00| 0 eng d | ||
| 024 | _a14050 | ||
| 037 | _cTextual | ||
| 040 |
_aSDCL _cSDCL _beng |
||
| 041 |
_2eng _aeng |
||
| 082 | _aO-,L:g(P:75), L3 | ||
| 100 |
_aBryant Donald _9499374 |
||
| 245 | 0 | _aRhetorical dimension in critism. | |
| 260 | _c1973 | ||
| 942 |
_hO-,L:g(P:75), L3 _cTEXL _2CC |
||
| 999 |
_c816459 _d816459 |
||